00269nam a2200097Ia 4500008004100000100002500041245004300066260003600109300000800145650001800153191201s2005 xx 000 0 und d aSCOTT, Cherie Carter 0aIf Love Is a Game, These Are the Rules aN.DelhibArora Book Worldc2005 a253 aGeneral Books